000 00388nam a2200157Ia 4500
005 20240807062301.0
008 240806s9999||||xx |||||||||||||| ||eng||
041 _aeng
082 _a300
_bDUBV
100 _aDubey, Syama Charan
245 0 _aVikas ka samajshatra /
_cDubey, Syama Charan
260 _bVani Prakashan, New Delhi
300 _a183p.
650 _aEducation
942 _cBK
999 _c14174
_d14174